000 00214 a2200097 4500
001 24835
100 _aStimpson, G
245 _aBook about a thousand things, A
260 _a
_bHarper
_c1946
090 _c16785
_d16785
942 _aNUST-CAE
_cM
_c7541
999 _c259908
_d259908